[Event "Vers la maitrise II"]
[Site "Montreal CAN"]
[Date "2001.05.06"]
[Round "4"]
[White "Bolduc, Steve"]
[Black "Grondin, Jean-Philippe"]
[Result "0-1"]
[WhiteElo "2205"]
[BlackElo "2155"]
[PlyCount "45"]
[GameId "2160767911564842"]
[EventDate "2001.05.04"]
[EventType "tourn"]
[EventRounds "9"]
[EventCountry "CAN"]
[SourceTitle "hb 2011"]

1. d4 d5 2. c4 Nc6 3. Nc3 dxc4 4. d5 Ne5 5. Bf4 Ng6 6. Bg3 e5 7. e4 Nf6 8. Bxc4 Bd6 9. f3 a6 10. a4 O-O 11. Bf2 h6 12. h4 Qe7 13. g3 Bc5 14. Qd2 Bxf2+ 15. Qxf2 Qb4 16. Qe2 Nh5 17. Kf2 Qc5+ 18. Qe3 Qxc4 19. Nge2 Qb4 20. Na2 Qd6 21. Rhc1 f5 22. Kg2 f4 23. Qc5 0-1

[Event "Vers la maitrise II"]
[Site "Montreal CAN"]
[Date "2001.05.07"]
[Round "5"]
[White "Falardeau, Bruno"]
[Black "Bolduc, Steve"]
[Result "1-0"]
[WhiteElo "2033"]
[BlackElo "2205"]
[PlyCount "75"]
[GameId "2160767911564843"]
[EventDate "2001.05.04"]
[EventType "tourn"]
[EventRounds "9"]
[EventCountry "CAN"]
[SourceTitle "hb 2011"]

1. e4 e5 2. Nf3 d6 3. Bc4 Be7 4. O-O Nf6 5. Nc3 O-O 6. h3 c6 7. d4 Nbd7 8. Be3 b5 9. Bd3 Bb7 10. Nd2 a6 11. f4 exd4 12. Bxd4 c5 13. Be3 c4 14. Be2 Qc7 15. Bf3 Rfe8 16. Bd4 b4 17. Ne2 Bf8 18. Ng3 c3 19. bxc3 bxc3 20. Nb1 d5 21. e5 Ne4 22. Bxe4 dxe4 23. Nxc3 Rad8 24. Ncxe4 Nc5 25. Nxc5 Rxd4 26. Nd3 Qc6 27. Qe2 Rc4 28. Rf2 Rc8 29. Rb1 Ba8 30. Nf5 Qa4 31. Qg4 g6 32. Ne3 h5 33. Qg5 Re4 34. f5 Rxe3 35. Qxe3 Rxc2 36. fxg6 fxg6 37. Rb8 Rxf2 38. Qxf2 1-0

[Event "Vers la maitrise II"]
[Site "Montreal CAN"]
[Date "2001.05.11"]
[Round "6"]
[White "Bolduc, Steve"]
[Black "Germain, Michel"]
[Result "1-0"]
[WhiteElo "2205"]
[BlackElo "1910"]
[PlyCount "81"]
[GameId "2160767911564844"]
[EventDate "2001.05.04"]
[EventType "tourn"]
[EventRounds "9"]
[EventCountry "CAN"]
[SourceTitle "hb 2011"]

1. d4 b5 2. c3 e6 3. Nf3 Nf6 4. Bg5 Be7 5. Nbd2 O-O 6. e4 a6 7. Bd3 h6 8. Bh4 Ne8 9. Bxe7 Qxe7 10. Qe2 d6 11. e5 Bb7 12. O-O-O Nd7 13. g4 c5 14. g5 cxd4 15. cxd4 dxe5 16. dxe5 Rc8+ 17. Kb1 Nc5 18. Bc2 Na4 19. Ne4 Qb4 20. Nf6+ Nxf6 21. Bxa4 Nd5 22. Bb3 Qe4+ 23. Qxe4 Nc3+ 24. bxc3 Bxe4+ 25. Kb2 Bxf3 26. Rhg1 Bxd1 27. Bxd1 Rc5 28. gxh6 g6 29. f4 Kh7 30. h4 Rc4 31. Rf1 Kxh6 32. Bc2 Kh5 33. Bd3 Rc7 34. Kc2 Rfc8 35. c4 Kxh4 36. Kd2 bxc4 37. Be4 g5 38. Ke3 Kg3 39. Rg1+ Kh2 40. Kf2 Kh3 41. Bf3 1-0

[Event "Vers la maitrise II"]
[Site "Montreal CAN"]
[Date "2001.05.12"]
[Round "7"]
[White "Bolduc, Steve"]
[Black "Pnevmonidis, Pantelis"]
[Result "1/2-1/2"]
[WhiteElo "2205"]
[BlackElo "2142"]
[PlyCount "23"]
[GameId "2160767911564845"]
[EventDate "2001.05.04"]
[EventType "tourn"]
[EventRounds "9"]
[EventCountry "CAN"]
[SourceTitle "hb 2011"]

1. d4 Nf6 2. c4 e6 3. Nc3 Bb4 4. e3 O-O 5. Nge2 d5 6. a3 Be7 7. Nf4 dxc4 8. Bxc4 c5 9. dxc5 Bxc5 10. Qxd8 Rxd8 11. b4 Bd6 12. Ke2 1/2-1/2

[Event "Vers la maitrise II"]
[Site "Montreal CAN"]
[Date "2001.05.12"]
[Round "8"]
[White "Trottier, Julie"]
[Black "Bolduc, Steve"]
[Result "0-1"]
[WhiteElo "1990"]
[BlackElo "2205"]
[PlyCount "120"]
[GameId "2160767911564846"]
[EventDate "2001.05.04"]
[EventType "tourn"]
[EventRounds "9"]
[EventCountry "CAN"]
[SourceTitle "hb 2011"]

1. d4 Nf6 2. Nf3 c5 3. c4 e6 4. g3 cxd4 5. Nxd4 Nc6 6. Bg2 a6 7. O-O Be7 8. Nc3 O-O 9. e4 Qc7 10. Be3 d6 11. b3 Bd7 12. Rc1 Rac8 13. Qe2 h6 14. f4 Rfe8 15. h3 Nxd4 16. Bxd4 e5 17. Be3 exf4 18. Rxf4 Be6 19. Nd5 Bxd5 20. exd5 Nd7 21. Rcf1 Bg5 22. Re4 Nf6 23. Rxf6 Bxf6 24. Qf2 Qd7 25. Bxh6 Rxe4 26. Bxe4 Re8 27. Bf5 Qe7 28. Bf4 Bg5 29. Kg2 Bxf4 30. Qxf4 Qf6 31. Qf2 g6 32. Bd7 Qxf2+ 33. Kxf2 Re7 34. Bg4 f5 35. Be2 Kg7 36. b4 Kf6 37. c5 Ke5 38. c6 Rc7 39. b5 axb5 40. Bxb5 Kxd5 41. cxb7 Rxb7 42. a4 Kd4 43. Kf3 Ke5 44. h4 d5 45. Be8 Rb3+ 46. Kf2 Kf6 47. h5 gxh5 48. Bxh5 Ra3 49. Be8 Kg5 50. Bc6 d4 51. Bb5 Kg4 52. Bd7 Ra2+ 53. Ke1 Kxg3 54. Bxf5 Rxa4 55. Kd2 Ra3 56. Be4 Kf4 57. Bd3 Ra2+ 58. Bc2 Rxc2+ 59. Kxc2 Ke3 60. Kc1 Ke2 0-1

[Event "Vers la maitrise II"]
[Site "Montreal CAN"]
[Date "2001.05.13"]
[Round "9"]
[White "Bolduc, Steve"]
[Black "Boulay, David"]
[Result "1-0"]
[WhiteElo "2205"]
[BlackElo "2149"]
[PlyCount "79"]
[GameId "2160767911564847"]
[EventDate "2001.05.04"]
[EventType "tourn"]
[EventRounds "9"]
[EventCountry "CAN"]
[SourceTitle "hb 2011"]

1. d4 Nf6 2. Nf3 g6 3. c4 Bg7 4. Nc3 O-O 5. e4 d6 6. Be2 e5 7. O-O Nc6 8. d5 Ne7 9. b4 a5 10. Ba3 Nd7 11. bxa5 Rxa5 12. Bb4 Ra8 13. Nd2 f5 14. f3 Bh6 15. Nb3 Be3+ 16. Kh1 f4 17. Qc2 Rf6 18. Nd1 c5 19. Nxe3 fxe3 20. Bc3 Qf8 21. Qd3 Qh6 22. Bb2 g5 23. Qxe3 Qg6 24. g3 Kh8 25. f4 gxf4 26. gxf4 Ng8 27. f5 Qh6 28. Qg3 Rf7 29. Bc1 Qf8 30. Rg1 Ndf6 31. Qh4 b6 32. Bg5 Ra4 33. Rg2 Ba6 34. Nd2 Rb4 35. Rag1 Qd8 36. Bh5 Rf8 37. Bg6 Qc7 38. Bh6 Nxh6 39. Qxh6 Qe7 40. Bxh7 1-0

[Event "Whig-Standard"]
[Site "Kingston CAN"]
[Date "2001.11.12"]
[Round "5"]
[White "Kirby, Patrick"]
[Black "McKay, Geoff"]
[Result "0-1"]
[WhiteElo "2229"]
[BlackElo "2045"]
[PlyCount "100"]
[GameId "2160767911485086"]
[EventDate "2001.10.15"]
[EventType "swiss"]
[EventRounds "9"]
[EventCountry "CAN"]

1. e4 Nf6 2. e5 Nd5 3. c4 Nb6 4. d4 d6 5. exd6 cxd6 6. Nf3 g6 7. Be3 Bg7 8. Nbd2 Nc6 9. d5 Ne5 10. Nxe5 Bxe5 11. Qb3 O-O 12. Bd3 Nd7 13. Bc2 f5 14. f4 Bg7 15. O-O Nc5 16. Qa3 e6 17. Rad1 exd5 18. cxd5 Re8 19. Rfe1 Bd7 20. b4 Ne4 21. Nxe4 fxe4 22. Bf2 Bf5 23. Ba4 Re7 24. h3 h5 25. Rc1 a6 26. Kh2 Bf6 27. Bc2 Rc8 28. Bb1 Kf7 29. Qb3 Qe8 30. Qe3 Rec7 31. Rxc7+ Rxc7 32. Qb6 Re7 33. Bd4 Qh8 34. Be3 Rd7 35. Bc2 Bd8 36. Qd4 Qxd4 37. Bxd4 Rc7 38. Bb3 Bf6 39. Bxf6 Kxf6 40. Re3 h4 41. Kg1 g5 42. fxg5+ Kxg5 43. Kf2 Kf4 44. g4 hxg3+ 45. Rxg3 Rc1 46. Rg7 e3+ 47. Ke2 Rh1 48. Rf7 Rh2+ 49. Kf1 e2+ 50. Ke1 Ke3 0-1

[Event "Winnipeg TNT April op"]
[Site "Winnipeg CAN"]
[Date "2001.04.03"]
[Round "1"]
[White "Bohemier, Justin"]
[Black "Barkman, Daniel"]
[Result "0-1"]
[WhiteElo "1111"]
[BlackElo "1615"]
[PlyCount "44"]
[GameId "2160767911565078"]
[EventDate "2001.04.??"]
[EventType "swiss"]
[EventRounds "4"]
[EventCountry "CAN"]

1. e4 e6 2. d4 d5 3. Nc3 Bb4 4. exd5 Bxc3+ 5. bxc3 Qxd5 6. Nf3 Nf6 7. Bd3 O-O 8. O-O Nbd7 9. Re1 b6 10. Ne5 Bb7 11. f3 Nxe5 12. Rxe5 Qc6 13. Ba3 Qxc3 14. Bxf8 Qxd4+ 15. Kh1 Qxe5 16. Be7 Nd5 17. Be4 Ne3 18. Qe1 Bxe4 19. fxe4 Nxc2 20. Bf6 gxf6 21. Qg3+ Qxg3 22. hxg3 Nxa1 0-1

[Event "Winnipeg TNT April op"]
[Site "Winnipeg CAN"]
[Date "2001.04.03"]
[Round "1"]
[White "Curtis, Rory"]
[Black "Charles, Christopher"]
[Result "1-0"]
[WhiteElo "1620"]
[BlackElo "1084"]
[PlyCount "33"]
[GameId "2160767911565079"]
[EventDate "2001.04.??"]
[EventType "swiss"]
[EventRounds "4"]
[EventCountry "CAN"]
[SourceTitle "EXT 2005"]
[Source "ChessBase"]
[SourceDate "2004.11.15"]
[SourceVersion "1"]
[SourceVersionDate "2004.11.15"]
[SourceQuality "1"]

1. c4 e5 2. d3 Nf6 3. Bg5 Nc6 4. Nf3 Bc5 5. e3 h6 6. Bh4 d6 7. Be2 Bg4 8. O-O Bxf3 9. Bxf3 g5 10. Bg3 d5 11. cxd5 Nxd5 12. Qb3 Ndb4 13. Bh5 Rf8 14. Nc3 Qxd3 15. Rfd1 Qc2 16. Qe6+ Ne7 17. Qd7# 1-0

[Event "Winnipeg TNT April op"]
[Site "Winnipeg CAN"]
[Date "2001.04.03"]
[Round "1"]
[White "Greenberg, Harley"]
[Black "Gibbons, Lorne"]
[Result "1-0"]
[WhiteElo "1675"]
[BlackElo "1419"]
[PlyCount "40"]
[GameId "2160767911565081"]
[EventDate "2001.04.??"]
[EventType "swiss"]
[EventRounds "4"]
[EventCountry "CAN"]
[SourceTitle "EXT 2005"]
[Source "ChessBase"]
[SourceDate "2004.11.15"]
[SourceVersion "1"]
[SourceVersionDate "2004.11.15"]
[SourceQuality "1"]

1. e4 e5 2. Nf3 Nc6 3. d4 exd4 4. Nxd4 Nxd4 5. Qxd4 d6 6. Bc4 Qf6 7. Qd3 Be6 8. Nc3 c6 9. O-O O-O-O 10. Be3 Bxc4 11. Qxc4 a6 12. b4 Ne7 13. b5 axb5 14. Nxb5 d5 15. Na7+ Kb8 16. exd5 Rxd5 17. Rab1 b5 18. a4 Qe5 19. axb5 cxb5 20. Nxb5 Ka8 1-0

[Event "Winnipeg TNT April op"]
[Site "Winnipeg CAN"]
[Date "2001.04.03"]
[Round "1"]
[White "Khedkar, Jay S"]
[Black "Bays, Derek"]
[Result "1-0"]
[WhiteElo "1983"]
[BlackElo "1549"]
[PlyCount "83"]
[GameId "2160767911565082"]
[EventDate "2001.04.??"]
[EventType "swiss"]
[EventRounds "4"]
[EventCountry "CAN"]
[SourceTitle "EXT 2005"]
[Source "ChessBase"]
[SourceDate "2004.11.15"]
[SourceVersion "1"]
[SourceVersionDate "2004.11.15"]
[SourceQuality "1"]

1. e4 c5 2. Nf3 e6 3. Nc3 a6 4. g3 b5 5. Bg2 Bb7 6. d3 Be7 7. O-O Nf6 8. a4 b4 9. Ne2 Nc6 10. Bg5 d6 11. h3 O-O 12. c3 Rb8 13. Nh2 d5 14. Qc2 Nd7 15. Bxe7 Nxe7 16. Ng4 Ng6 17. f4 f5 18. exf5 Rxf5 19. cxb4 cxb4 20. Kh2 Rc8 21. Qd2 a5 22. Nd4 Nc5 23. Rae1 Rf8 24. Nxe6 Nxe6 25. Rxe6 Qd7 26. Qe2 Qxa4 27. Rb6 Rce8 28. Qf2 Ba8 29. Qd4 Re2 30. f5 Qc2 31. Ne3 Rxe3 32. Qxe3 Qxg2+ 33. Kxg2 d4+ 34. Qf3 Bxf3+ 35. Rxf3 Ne5 36. Rf2 Nxd3 37. Rd2 Nxb2 38. Rxb2 Rxf5 39. Rd6 d3 40. Rxd3 Kf7 41. Rd7+ Kf6 42. Ra7 1-0

[Event "Winnipeg TNT April op"]
[Site "Winnipeg CAN"]
[Date "2001.04.03"]
[Round "1"]
[White "Tetrault, Charles"]
[Black "Haapamaki, Eric"]
[Result "0-1"]
[WhiteElo "1515"]
[BlackElo "1792"]
[PlyCount "58"]
[GameId "2160767911565083"]
[EventDate "2001.04.??"]
[EventType "swiss"]
[EventRounds "4"]
[EventCountry "CAN"]

1. e4 c5 2. Nc3 Nc6 3. Bc4 d6 4. d3 e6 5. f4 Nf6 6. Nf3 Be7 7. O-O O-O 8. Qe1 d5 9. exd5 exd5 10. Bb3 Re8 11. Ne2 c4 12. dxc4 dxc4 13. Bxc4 Bc5+ 14. Kh1 Be6 15. Bxe6 Rxe6 16. Ng5 Re7 17. Qc3 Bb4 18. Qc4 h6 19. c3 hxg5 20. cxb4 Re4 21. Qc2 Nxb4 22. Qb3 Rxe2 23. Qxb4 Qd5 24. Rg1 Ng4 25. h3 Nf2+ 26. Kh2 Rae8 27. fxg5 R8e4 28. Qc3 Nd3 29. Qa3 Qe5+ 0-1

[Event "Winnipeg TNT April op"]
[Site "Winnipeg CAN"]
[Date "2001.04.03"]
[Round "1"]
[White "Tetrault, Claude"]
[Black "Lafreniere, Adrian"]
[Result "0-1"]
[WhiteElo "1384"]
[BlackElo "1649"]
[PlyCount "92"]
[GameId "2160767911565084"]
[EventDate "2001.04.??"]
[EventType "swiss"]
[EventRounds "4"]
[EventCountry "CAN"]
[SourceTitle "EXT 2005"]
[Source "ChessBase"]
[SourceDate "2004.11.15"]
[SourceVersion "1"]
[SourceVersionDate "2004.11.15"]
[SourceQuality "1"]

1. d4 e6 2. c4 b6 3. Nf3 Bb7 4. Nc3 Nf6 5. Bg5 Be7 6. e3 d6 7. Bd3 Nbd7 8. O-O O-O 9. Re1 a6 10. a4 h6 11. Bf4 Nh5 12. Be4 c6 13. Nd2 Ndf6 14. Bf3 Nxf4 15. exf4 d5 16. Qb3 Qc7 17. g3 Rad8 18. Re2 Rd7 19. cxd5 Nxd5 20. Rc1 Nb4 21. Qc4 Qd6 22. Nb3 a5 23. Ne4 Qb8 24. Ree1 Rc8 25. Red1 Ba6 26. Qc3 Na2 27. Qe3 Nxc1 28. Rxc1 Bb4 29. Nbd2 Bxd2 30. Nxd2 Qd6 31. Nb3 Bb7 32. Bg4 Qb4 33. Bd1 Rcd8 34. Bc2 Ba6 35. Qe4 g6 36. Qxc6 Bc4 37. Qf3 Bxb3 38. Bxb3 Rxd4 39. Rc3 Rd2 40. Rc4 Qd6 41. Bc2 Qd5 42. Qb3 h5 43. Be4 Rxb2 44. Qxb2 Qxc4 45. f3 Rd1+ 46. Kg2 Qf1# 0-1

[Event "Winnipeg TNT April op"]
[Site "Winnipeg CAN"]
[Date "2001.04.03"]
[Round "1"]
[White "Trueman, Francis"]
[Black "Curtis, Rory"]
[Result "0-1"]
[WhiteElo "1451"]
[BlackElo "1620"]
[PlyCount "58"]
[GameId "2160767911565086"]
[EventDate "2001.04.??"]
[EventType "swiss"]
[EventRounds "4"]
[EventCountry "CAN"]

1. Nf3 d5 2. d3 Nf6 3. Nbd2 Nbd7 4. g3 e5 5. Bg2 Bd6 6. O-O O-O 7. Re1 h6 8. Nf1 c6 9. e4 d4 10. h4 Nc5 11. N1h2 Re8 12. h5 Bd7 13. Qe2 Qc8 14. Nd2 Bh3 15. Nc4 Bc7 16. f4 b5 17. fxe5 Bxe5 18. Nxe5 Rxe5 19. Bf4 Re8 20. e5 Bxg2 21. Kxg2 Qf5 22. Nf3 Ne6 23. Bd2 Nxh5 24. Nh4 Nef4+ 25. Kf3 Nxe2+ 26. Nxf5 Rxe5 27. Nxd4 Nxd4+ 28. Kg4 Nf6+ 29. Kh4 Rh5# 0-1

[Event "Winnipeg TNT April op"]
[Site "Winnipeg CAN"]
[Date "2001.04.10"]
[Round "2"]
[White "Barkman, Daniel"]
[Black "Moffat, Ron"]
[Result "0-1"]
[WhiteElo "1589"]
[BlackElo "1702"]
[PlyCount "98"]
[GameId "2160767911565088"]
[EventDate "2001.04.??"]
[EventType "swiss"]
[EventRounds "4"]
[EventCountry "CAN"]
[SourceTitle "EXT 2005"]
[Source "ChessBase"]
[SourceDate "2004.11.15"]
[SourceVersion "1"]
[SourceVersionDate "2004.11.15"]
[SourceQuality "1"]

1. e4 c5 2. Nf3 e6 3. d4 cxd4 4. Nxd4 a6 5. Bd3 Nc6 6. Be3 Qc7 7. O-O Nf6 8. Nc3 Bd6 9. Nf3 Ne5 10. h3 O-O 11. Nxe5 Bxe5 12. Qd2 b5 13. f4 Bxc3 14. bxc3 Bb7 15. Rf3 Bxe4 16. Bxe4 Nxe4 17. Qd3 d5 18. Bd4 Rac8 19. Re1 Qc4 20. Rg3 Nxg3 21. Qxg3 g6 22. Bf6 h5 23. Qg5 Kh7 24. g4 Rg8 25. Kh1 d4 26. gxh5 Qc6+ 27. Kh2 Qf3 28. Rg1 Qxh5 29. Qg2 Qf5 30. Bxd4 Qxf4+ 31. Kh1 Qf5 32. Rf1 Qd5 33. Rxf7+ Kh6 34. Qxd5 exd5 35. Rd7 Rgd8 36. Rf7 Rd6 37. Be3+ g5 38. Bd2 Kg6 39. Rf2 d4 40. Rf3 dxc3 41. Bxc3 Rdc6 42. Bb4 Rxc2 43. a3 Rc1+ 44. Kg2 R8c2+ 45. Rf2 Rxf2+ 46. Kxf2 Kf5 47. Kf3 Rc4 48. Kg3 Kg6 49. Be7 Kh5 0-1

[Event "Winnipeg TNT April op"]
[Site "Winnipeg CAN"]
[Date "2001.04.10"]
[Round "2"]
[White "Bays, Derek"]
[Black "Tetrault, Claude"]
[Result "1-0"]
[WhiteElo "1549"]
[BlackElo "1384"]
[PlyCount "119"]
[GameId "2160767911565089"]
[EventDate "2001.04.??"]
[EventType "swiss"]
[EventRounds "4"]
[EventCountry "CAN"]

1. c4 c5 2. Nc3 d6 3. Nf3 Nf6 4. d4 cxd4 5. Nxd4 Nc6 6. e3 e6 7. b3 Be7 8. Be2 O-O 9. O-O e5 10. Nxc6 bxc6 11. Qc2 Bb7 12. f4 Nd7 13. Bb2 f6 14. Rf3 f5 15. Rh3 e4 16. Nxe4 fxe4 17. Qxe4 Nf6 18. Bxf6 Bxf6 19. Qxh7+ Kf7 20. Rd1 Rh8 21. Bh5+ Ke7 22. Qe4+ Kd7 23. c5 d5 24. Bg4+ Kc7 25. Qf3 Bc8 26. Rxh8 Qxh8 27. Qg3 Bxg4 28. f5+ Kb7 29. Qxg4 Rd8 30. a4 Qe8 31. Kf2 Qe5 32. Qb4+ Ka6 33. Qd2 Qxh2 34. b4 Qh4+ 35. Kg1 Qc4 36. Rc1 Qb3 37. b5+ cxb5 38. axb5+ Kxb5 39. c6 Bg5 40. Kf2 d4 41. Qe2+ Kb6 42. Kf1 Bxe3 43. c7 Rc8 44. Ra1 a5 45. g4 Rxc7 46. Qf3 Qd3+ 47. Kg2 Rc2+ 48. Kh3 Qb3 49. g5 Rc3 50. Kg4 Bxg5 51. Qg2 Qb2 52. Qxb2+ Kc5 53. Rxa5+ Kd6 54. Ra6+ Kc5 55. Ra5+ Kd6 56. Ra6+ Kc5 57. Qb6+ Kd5 58. Qb5+ Rc5 59. Qb3+ Ke5 60. Qe6# 1-0

[Event "Winnipeg TNT April op"]
[Site "Winnipeg CAN"]
[Date "2001.04.10"]
[Round "2"]
[White "Haapamaki, Eric"]
[Black "Curtis, Rory"]
[Result "0-1"]
[WhiteElo "1792"]
[BlackElo "1620"]
[PlyCount "70"]
[GameId "2160767911565091"]
[EventDate "2001.04.??"]
[EventType "swiss"]
[EventRounds "4"]
[EventCountry "CAN"]
[SourceTitle "EXT 2005"]
[Source "ChessBase"]
[SourceDate "2004.11.15"]
[SourceVersion "1"]
[SourceVersionDate "2004.11.15"]
[SourceQuality "1"]

1. e4 c5 2. Nf3 d6 3. d4 cxd4 4. Nxd4 Nf6 5. Nc3 a6 6. Bc4 e5 7. Nde2 b5 8. Bb3 b4 9. Na4 Bb7 10. f3 Be7 11. Be3 Nbd7 12. O-O O-O 13. Qe1 a5 14. Rd1 Rc8 15. c3 Ba6 16. Rf2 Bxe2 17. Rxe2 bxc3 18. Nxc3 Nc5 19. Bd5 Qb6 20. Na4 Qb5 21. Nxc5 dxc5 22. Rc2 Nxd5 23. Rxd5 Rc7 24. Qd2 f6 25. b3 Rfc8 26. Rc4 Kf7 27. Ra4 Ra8 28. Rxe5 fxe5 29. Qd5+ Kg6 30. Qxa8 Qe2 31. Qe8+ Kf6 32. Bg5+ Kxg5 33. g4 Kf4 34. Qf7+ Bf6 35. Qxc7 Kxf3 0-1

[Event "Winnipeg TNT April op"]
[Site "Winnipeg CAN"]
[Date "2001.04.10"]
[Round "2"]
[White "MacPherson, Al"]
[Black "Greenberg, Harley"]
[Result "1-0"]
[WhiteElo "1583"]
[BlackElo "1675"]
[PlyCount "43"]
[GameId "2160767911565092"]
[EventDate "2001.04.??"]
[EventType "swiss"]
[EventRounds "4"]
[EventCountry "CAN"]

1. d4 Nf6 2. c4 g6 3. Nc3 Bg7 4. e4 d6 5. Nge2 O-O 6. Ng3 Nbd7 7. Be2 e5 8. d5 a5 9. Be3 Ne8 10. Qd2 Qh4 11. Bg5 Bh6 12. Bxh6 f6 13. Bxf8 Nxf8 14. O-O f5 15. exf5 gxf5 16. b3 Ng6 17. Bd3 Nf4 18. Bxf5 Qg5 19. Bxh7+ Kxh7 20. Nce4 Qg6 21. Qc2 Nf6 22. Nxf6+ 1-0

[Event "Winnipeg TNT April op"]
[Site "Winnipeg CAN"]
[Date "2001.04.10"]
[Round "2"]
[White "Trueman, Francis"]
[Black "Tetrault, Charles"]
[Result "1-0"]
[WhiteElo "1451"]
[BlackElo "1515"]
[PlyCount "75"]
[GameId "2160767911565093"]
[EventDate "2001.04.??"]
[EventType "swiss"]
[EventRounds "4"]
[EventCountry "CAN"]

1. Nf3 d5 2. d3 Nc6 3. g3 Nf6 4. Nbd2 Bf5 5. Bg2 e6 6. O-O Bb4 7. c3 Bc5 8. Re1 Qe7 9. e4 dxe4 10. dxe4 Bg6 11. Qb3 Bb6 12. Nc4 Nxe4 13. Nxb6 axb6 14. Nh4 Nd6 15. Bh3 Be4 16. Bf4 Bd5 17. Qc2 Rxa2 18. Bxd6 cxd6 19. Rxa2 Bxa2 20. Nf5 Qf6 21. Nxd6+ Kd7 22. Ne4 Qf3 23. b3 Bxb3 24. Qxb3 Kc7 25. Re3 Qh5 26. Bg2 Rd8 27. Bf3 Qh3 28. Qc4 Kb8 29. Rd3 Rc8 30. Qb5 Qh6 31. Qxb6 Ne5 32. Qd6+ Ka8 33. Qxe5 Qg6 34. Qa5+ Kb8 35. Rd8 Rxd8 36. Qxd8+ Ka7 37. Kg2 Qf5 38. Qc7 1-0

[Event "Winnipeg TNT April op"]
[Site "Winnipeg CAN"]
[Date "2001.04.10"]
[Round "2"]
[White "Weijs, Harry"]
[Black "Bohemier, Justin"]
[Result "0-1"]
[WhiteElo "1514"]
[BlackElo "1111"]
[PlyCount "62"]
[GameId "2160767911565095"]
[EventDate "2001.04.??"]
[EventType "swiss"]
[EventRounds "4"]
[EventCountry "CAN"]

1. d4 d5 2. Nf3 e6 3. Bg5 Be7 4. h4 Nc6 5. c3 f6 6. Bf4 Bd6 7. Bxd6 Qxd6 8. Nbd2 a6 9. e4 Nge7 10. Bd3 e5 11. exd5 Nxd5 12. Nc4 Qe7 13. dxe5 Nxe5 14. Nfxe5 fxe5 15. Qh5+ g6 16. Bxg6+ Kd8 17. O-O-O c6 18. Nb6 Rb8 19. Nxd5 cxd5 20. Rxd5+ Kc7 21. Rxe5 Qf6 22. Qe2 hxg6 23. Re7+ Bd7 24. Rd1 Rbd8 25. Rf7 Rhe8 26. Qc4+ Qc6 27. Qf4+ Kc8 28. Qg5 Be6 29. Rxd8+ Rxd8 30. Rf6 Qe4 31. f3 Qe2 0-1

[Event "Winnipeg TNT April op"]
[Site "Winnipeg CAN"]
[Date "2001.04.17"]
[Round "3"]
[White "Bays, Derek"]
[Black "Haapamaki, Eric"]
[Result "0-1"]
[WhiteElo "1549"]
[BlackElo "1792"]
[PlyCount "70"]
[GameId "2160767911565096"]
[EventDate "2001.04.??"]
[EventType "swiss"]
[EventRounds "4"]
[EventCountry "CAN"]

1. d4 Nf6 2. Bg5 Ne4 3. h4 h6 4. Bf4 c5 5. e3 Qb6 6. Nc3 Qa5 7. Qd3 cxd4 8. exd4 Nxc3 9. Qxc3 Qxc3+ 10. bxc3 e6 11. Bd3 Be7 12. Nf3 O-O 13. g4 d5 14. Kd2 Nc6 15. h5 Bd7 16. g5 hxg5 17. Nxg5 e5 18. dxe5 Bxg5 19. Bxg5 Nxe5 20. Be2 f6 21. Bf4 Bf5 22. Rag1 Rfd8 23. Bh6 Rd7 24. f4 Nc4+ 25. Kc1 Kh7 26. Bd3 Bxd3 27. cxd3 Nd6 28. f5 gxh6 29. Rg6 Rf8 30. Re1 Nxf5 31. Re6 Ng7 32. Rexf6 Rxf6 33. Rxf6 Nxh5 34. Rf3 Kg6 35. Kd2 Re7 0-1

[Event "Winnipeg TNT April op"]
[Site "Winnipeg CAN"]
[Date "2001.04.17"]
[Round "3"]
[White "Charles, Christopher"]
[Black "Tetrault, Claude"]
[Result "0-1"]
[WhiteElo "1084"]
[BlackElo "1394"]
[PlyCount "70"]
[GameId "2160767911565097"]
[EventDate "2001.04.??"]
[EventType "swiss"]
[EventRounds "4"]
[EventCountry "CAN"]

1. e4 c5 2. Nc3 d6 3. Nf3 Nf6 4. Bc4 Bg4 5. h3 Bh5 6. g4 Bg6 7. Ng5 e6 8. Qf3 Nc6 9. Bb5 Rc8 10. O-O Be7 11. d3 h6 12. e5 Nd7 13. Nge4 Ndxe5 14. Bxc6+ Rxc6 15. Qg3 O-O 16. g5 h5 17. Nf6+ gxf6 18. gxf6 Bxf6 19. Bg5 Bxg5 20. f4 Bh4 21. Qg2 Nxd3 22. cxd3 Kh8 23. Kh1 Bxd3 24. Rg1 Rg8 25. Qf3 Bg6 26. Rg2 d5 27. Nb5 a6 28. Qc3+ Qf6 29. Rg3 Be4+ 30. Kh2 Bxg3+ 31. Kg1 Bxf4+ 32. Kf1 Be5+ 33. Ke2 Rg2+ 34. Ke1 Bxc3+ 35. bxc3 Qf2+ 0-1

[Event "Winnipeg TNT April op"]
[Site "Winnipeg CAN"]
[Date "2001.04.17"]
[Round "3"]
[White "Curtis, Rory"]
[Black "Proulx, Roy"]
[Result "1-0"]
[WhiteElo "1620"]
[BlackElo "1701"]
[PlyCount "61"]
[GameId "2160767911565098"]
[EventDate "2001.04.??"]
[EventType "swiss"]
[EventRounds "4"]
[EventCountry "CAN"]

1. c4 Nf6 2. Nf3 e6 3. d4 b6 4. Bg5 Bb7 5. e3 Bb4+ 6. Nbd2 O-O 7. Be2 h6 8. Bxf6 Qxf6 9. O-O c5 10. a3 Bxd2 11. Qxd2 cxd4 12. Nxd4 d5 13. Rac1 dxc4 14. Rxc4 Rd8 15. Qc2 Nd7 16. b4 Rac8 17. Rc7 Ne5 18. Rc1 Rxc7 19. Qxc7 Rc8 20. Qxc8+ Bxc8 21. Rxc8+ Kh7 22. f4 Ng6 23. Bd3 e5 24. Ne2 exf4 25. Nxf4 Qe7 26. Kf2 h5 27. Nxh5 Qh4+ 28. Ng3 Qxh2 29. Rc1 Qh6 30. Rh1 f5 31. Rxh6+ 1-0

[Event "Winnipeg TNT April op"]
[Site "Winnipeg CAN"]
[Date "2001.04.17"]
[Round "3"]
[White "Greenberg, Harley"]
[Black "Trueman, Francis"]
[Result "1-0"]
[WhiteElo "1675"]
[BlackElo "1451"]
[PlyCount "61"]
[GameId "2160767911565099"]
[EventDate "2001.04.??"]
[EventType "swiss"]
[EventRounds "4"]
[EventCountry "CAN"]

1. d4 d5 2. c4 Nf6 3. Nf3 e6 4. Bg5 c6 5. e3 Be7 6. Bd3 O-O 7. Qc2 dxc4 8. Bxc4 b6 9. Nbd2 Ba6 10. Rc1 Bxc4 11. Nxc4 Bb4+ 12. Ncd2 Nbd7 13. O-O Be7 14. Qxc6 Nd5 15. Bxe7 Qxe7 16. Qa4 h5 17. Rfe1 g5 18. Nxg5 Qxg5 19. Qxd7 Nb4 20. Nf3 Qf6 21. Qb5 Nd5 22. Ne5 Kh8 23. Nd7 Qg6 24. Nxf8 Rxf8 25. Kh1 h4 26. f3 Rg8 27. Rg1 Nxe3 28. Qe5+ f6 29. Qxe3 f5 30. Rc7 Qf6 31. Qe5 1-0

[Event "Winnipeg TNT April op"]
[Site "Winnipeg CAN"]
[Date "2001.04.17"]
[Round "3"]
[White "Khedkar, Jay"]
[Black "MacPherson, Al"]
[Result "1-0"]
[WhiteElo "1983"]
[BlackElo "1560"]
[PlyCount "27"]
[GameId "2160767911565100"]
[EventDate "2001.04.??"]
[EventType "swiss"]
[EventRounds "4"]
[EventCountry "CAN"]

1. d4 d5 2. c4 e6 3. Nc3 c5 4. cxd5 exd5 5. Nf3 Nf6 6. g3 Nc6 7. Bg2 b6 8. O-O Be7 9. Bg5 Ba6 10. Qa4 Qc8 11. Bxf6 Bxf6 12. Nxd5 O-O 13. Nxf6+ gxf6 14. dxc5 1-0